Animals of the United States - Sudden Death - Statistics

General Stats
  • This quiz has been taken 91 times
  • The average score is 3 of 16
Answers on the Grid
Answers color-coded by a green-red scale on the quiz's grid according to % correct below.
Polar Bears
Peccaries
Sturgeons
Golden Eagles
Porpoises
Flamingoes
Softshell Turtles
Shrikes
Sawfishes
Electric Rays
Hummingbirds
Skinks
Puffins
Huntsman Spiders
Anhingas
Giant Salamanders
Chameleons
Boa Constrictors
Camels
Boar
River Dolphins
Dugongs
Penguins
Snake-necked Turtles
Thorny Devils
Piranhas
Gerbils
Guinea Pigs
Peacocks
Weaverbirds
Narwhals
Sables
 
Answer Stats
Answer % Correct
Hummingbirds
51%
Golden Eagles
39%
Flamingoes
27%
Sturgeons
27%
Skinks
22%
Softshell Turtles
22%
Polar Bears
14%
Porpoises
14%
Puffins
14%
Giant Salamanders
12%
Sawfishes
12%
Electric Rays
10%
Huntsman Spiders
10%
Peccaries
10%
Shrikes
10%
Anhingas
8%
No matching quizzes found
Score Distribution
Percent of People with Each Score
Percentile by Number Answered
Your Score History
You have not taken this quiz